000 00264nam a22001097a 4500
082 _a621.37 ELE'M
100 _aMOLLEY, E
_969908
245 _aELECTRICAL CONSTRCTION TESTING AND REPAIR
260 _aLONDON
_bGEORGE NEWNES
_c1952
300 _a91-164P
942 _cBK
999 _c576991
_d576991